[Event "DM 2023 G7 Grp 1"]
[Site "Svendborg"]
[Date "2023.04.04"]
[Round "1"]
[White "Rossen, Claus"]
[Black "Nielsen, Thomas (1975)"]
[Result "1-0"]
[WhiteElo "2097"]
[BlackElo "1973"]
[PlyCount "59"]
[EventDate "2023.04.04"]
[EventType "swiss"]
[EventRounds "7"]
[EventCountry "DEN"]
[SourceTitle "Live v. Kasper Jerwiarz"]

1. e4 c6 2. Nf3 d5 3. exd5 cxd5 4. Ne5 Nc6 5. d4 a6 6. c3 Nf6 7. Bd3 e6 8. O-O
Bd6 9. Qe2 Qc7 10. Re1 h5 11. h3 b5 12. a3 Bb7 13. Nd2 Bxe5 14. dxe5 Nd7 15.
Nf3 O-O-O 16. a4 bxa4 17. Bxa6 Nc5 18. Bxb7+ Qxb7 19. Be3 Nb3 20. Rxa4 Kd7 21.
Ra6 Rb8 22. Rb6 Qa8 23. Ra6 Qb7 24. Ng5 f6 25. exf6 gxf6 26. Nxe6 Rhe8 27. Bf4
Ne5 28. Bxe5 fxe5 29. Qxe5 Qxa6 30. Qc7# 1-0

[Event "DM 2023 G7 Grp 1"]
[Site "Svendborg"]
[Date "2023.04.04"]
[Round "1"]
[White "Leonhardsen, Vebjorn Maanum"]
[Black "Gregor, Bjarke"]
[Result "1-0"]
[WhiteElo "1885"]
[BlackElo "2095"]
[PlyCount "141"]
[EventDate "2023.04.04"]
[EventType "swiss"]
[EventRounds "7"]
[EventCountry "DEN"]
[SourceTitle "Live v. Kasper Jerwiarz"]

1. c4 e5 2. Nc3 Nf6 3. Nf3 Nc6 4. e3 Be7 5. Be2 O-O 6. d4 exd4 7. Nxd4 Nxd4 8.
Qxd4 c6 9. Bf3 d6 10. O-O Nd7 11. b3 Bf6 12. Qd2 Ne5 13. Be2 Ng6 14. Bb2 Qe7
15. Rad1 Rd8 16. Qc2 Nh4 17. Rd2 Qe5 18. Ne4 Qxb2 19. Qxb2 Bxb2 20. Rxb2 Bf5
21. Nc3 Kf8 22. Rd2 Ke7 23. Rfd1 Ng6 24. h3 Rd7 25. Bd3 Bxd3 26. Rxd3 Ne5 27.
R3d2 f5 28. f4 Ng6 29. Kf2 Rf8 30. g3 h5 31. h4 Nh8 32. e4 Nf7 33. exf5 Nh6 34.
Re2+ Kd8 35. Red2 Nxf5 36. Rd3 Kc7 37. Ne2 Re8 38. Nd4 Nh6 39. Kf3 Ng4 40. R1d2
g6 41. Re2 Rde7 42. Rxe7+ Rxe7 43. Nc2 Nh2+ 44. Kf2 Ng4+ 45. Kf3 Rf7 46. Rd2
Kd7 47. Re2 c5 48. Ne3 Ne5+ 49. Ke4 Nc6 50. Nd5 Nd4 51. Rg2 Rf8 52. Kd3 Ke6 53.
Ke4 Kf7 54. Kd3 Re8 55. Ne3 Nc6 56. Nc2 Kf6 57. a3 a5 58. Rg1 Re6 59. Rb1 Ne7
60. Ne3 Nf5 61. Nd5+ Kf7 62. b4 axb4 63. axb4 b6 64. b5 Nxg3 65. Nxb6 Nf5 66.
Nd5 Re8 67. b6 Nd4 68. Nc7 Rb8 69. b7 Nc6 70. Na6 Nb4+ 71. Rxb4 1-0

[Event "DM 2023 G7 Grp 1"]
[Site "Svendborg"]
[Date "2023.04.04"]
[Round "1"]
[White "Husted, Peter"]
[Black "Christensen, John Christopher H"]
[Result "1/2-1/2"]
[WhiteElo "2086"]
[BlackElo "1924"]
[PlyCount "57"]
[EventDate "2023.04.04"]
[EventType "swiss"]
[EventRounds "7"]
[EventCountry "DEN"]
[SourceTitle "Live v. Kasper Jerwiarz"]

1. e4 c5 2. Nf3 e6 3. d4 cxd4 4. Nxd4 a6 5. Nc3 Qc7 6. Bd3 Nf6 7. f4 d6 8. O-O
Be7 9. Kh1 O-O 10. Be3 b5 11. a3 Bb7 12. Qf3 Nbd7 13. Qg3 Rfd8 14. Rae1 Rac8
15. Bg1 Nf8 16. e5 Ne8 17. Ne4 Ng6 18. Ng5 Bd5 19. Ngf3 Qb7 20. f5 exf5 21.
Nxf5 Bf8 22. exd6 Nxd6 23. Ne3 Ne4 24. Qg4 Nf6 25. Qg5 h6 26. Qg3 Ne4 27. Qg4
Nf6 28. Qg3 Ne4 29. Qg4 1/2-1/2

[Event "DM 2023 G7 Grp 1"]
[Site "Svendborg"]
[Date "2023.04.04"]
[Round "1"]
[White "Ostergreen Johansen, Benjamin"]
[Black "Marthedal, Anton Mehmet Yildiz"]
[Result "1-0"]
[WhiteElo "1962"]
[BlackElo "2072"]
[PlyCount "87"]
[EventDate "2023.04.04"]
[EventType "swiss"]
[EventRounds "7"]
[EventCountry "DEN"]
[SourceTitle "Live v. Kasper Jerwiarz"]

1. e4 c5 2. Nf3 d6 3. d4 cxd4 4. Nxd4 Nf6 5. Nc3 a6 6. Be3 e5 7. Nf3 Qc7 8. a4
Be7 9. Be2 O-O 10. O-O h6 11. a5 Be6 12. Nd5 Nxd5 13. exd5 Bf5 14. c4 Bg6 15.
Nd2 Nd7 16. b4 f5 17. f4 Bf6 18. Rc1 Rae8 19. Nb3 Rf7 20. c5 Kh8 21. c6 Nf8 22.
b5 exf4 23. b6 Qc8 24. Bxf4 Be5 25. Bxe5 Rxe5 26. Bf3 Rfe7 27. Nd4 Re3 28. cxb7
Qxb7 29. Nc6 Re8 30. Qd2 Nd7 31. Qd4 Nc5 32. Nd8 Qe7 33. Ne6 f4 34. Nxc5 dxc5
35. Qxc5 Qxc5 36. Rxc5 Bd3 37. Rfc1 Kh7 38. b7 Kg6 39. R5c3 Re1+ 40. Kf2 Rxc1
41. Rxc1 Rb8 42. d6 Bf5 43. Rc7 Kf6 44. d7 1-0

[Event "DM 2023 G7 Grp 1"]
[Site "Svendborg"]
[Date "2023.04.04"]
[Round "1"]
[White "Madsen, Michael Baehring"]
[Black "Ringsmose, Christian"]
[Result "0-1"]
[WhiteElo "2045"]
[BlackElo "1778"]
[PlyCount "88"]
[EventDate "2023.04.04"]
[EventType "swiss"]
[EventRounds "7"]
[EventCountry "DEN"]
[SourceTitle "Live v. Kasper Jerwiarz"]

1. d4 d5 2. c4 e6 3. Nc3 Nf6 4. cxd5 exd5 5. Bg5 c6 6. e3 h6 7. Bh4 Be7 8. Bd3
O-O 9. Qc2 Re8 10. Nge2 b5 11. f3 a5 12. Bf2 Ba6 13. Rd1 Nbd7 14. g4 Nb6 15. b3
Bc8 16. h3 Bd7 17. Kf1 Rc8 18. Qb2 Bd6 19. Ng3 Bxg3 20. Bxg3 Rxe3 21. Kg2 Qf8
22. Bf4 Ree8 23. h4 Na8 24. h5 Nc7 25. g5 Ne6 26. Qd2 Nxf4+ 27. Qxf4 hxg5 28.
Qxg5 Nh7 29. Qg3 Qe7 30. Rde1 Qf6 31. Re5 Kh8 32. Rhe1 Rxe5 33. dxe5 Qh6 34. f4
Re8 35. Ne2 c5 36. Nc3 c4 37. Bxh7 Qxh7 38. bxc4 dxc4 39. Ne4 Bc6 40. Qf3 f5
41. exf6 Bxe4 42. Kf2 gxf6 43. Qc3 Qf5 44. Qd2 Qh3 0-1

[Event "DM 2023 G7 Grp 1"]
[Site "Svendborg"]
[Date "2023.04.04"]
[Round "1"]
[White "Poulsen, Peter Risgaard"]
[Black "Jensen, Morten Frank"]
[Result "0-1"]
[WhiteElo "1880"]
[BlackElo "2048"]
[PlyCount "124"]
[EventDate "2023.04.04"]
[EventType "swiss"]
[EventRounds "7"]
[EventCountry "DEN"]
[SourceTitle "Live v. Kasper Jerwiarz"]

1. d4 d5 2. Bf4 Nf6 3. e3 e6 4. c3 Bd6 5. Bg3 O-O 6. Nd2 c5 7. Bd3 Qc7 8. Ngf3
Nbd7 9. Qe2 e5 10. dxe5 Nxe5 11. Nxe5 Bxe5 12. Nf3 Bd6 13. Rd1 Bg4 14. Bb1 Rad8
15. Bh4 Be7 16. Qc2 g6 17. Qa4 Bd7 18. Qb3 c4 19. Qc2 Bf5 20. Qe2 Bxb1 21. Rxb1
Ne4 22. Bxe7 Qxe7 23. O-O Nc5 24. Nd4 Rfe8 25. Qg4 h5 26. Qf4 Ne6 27. Nxe6 fxe6
28. Qg3 Kh7 29. Rbd1 Qg7 30. h4 b5 31. a3 a5 32. Qg5 Qe7 33. Qxe7+ Rxe7 34. e4
Red7 35. Rfe1 d4 36. cxd4 Rxd4 37. Rxd4 Rxd4 38. Re2 Rd1+ 39. Kh2 b4 40. axb4
axb4 41. Rc2 Rd4 42. f3 Kg7 43. Kg3 Kf6 44. Kf4 e5+ 45. Ke3 Rd3+ 46. Ke2 Rb3
47. Kd2 g5 48. hxg5+ Kxg5 49. Rxc4 Rxb2+ 50. Ke3 h4 51. Rc8 b3 52. Rb8 Rb1 53.
Rg8+ Kf6 54. Rf8+ Ke7 55. Rb8 Kd6 56. Kd3 Rb2 57. Rg8 Rf2 58. Rb8 b2 59. Ke3
Rxg2 60. f4 exf4+ 61. Kxf4 h3 62. Kf3 Rc2 0-1

[Event "DM 2023 G7 Grp 1"]
[Site "Svendborg"]
[Date "2023.04.04"]
[Round "1"]
[White "Jensen, Thore Nyboe"]
[Black "Saravana, Vedant Kumar"]
[Result "1-0"]
[WhiteElo "2018"]
[BlackElo "1947"]
[PlyCount "111"]
[EventDate "2023.04.04"]
[EventType "swiss"]
[EventRounds "7"]
[EventCountry "DEN"]
[SourceTitle "Live v. Kasper Jerwiarz"]

1. e4 e5 2. Nf3 Nc6 3. Bc4 Bc5 4. c3 Nf6 5. d3 d6 6. b4 Bb6 7. O-O O-O 8. Nbd2
h6 9. Bb3 a6 10. Nc4 Ba7 11. Ne3 Be6 12. Rb1 d5 13. Qc2 d4 14. Nc4 Re8 15. cxd4
Bxd4 16. Nxd4 Nxd4 17. Qd2 b5 18. Na5 Qd6 19. Re1 Rad8 20. Bxe6 Qxe6 21. Nb7
Rb8 22. Nc5 Qg4 23. Qd1 Qxd1 24. Rxd1 Ne2+ 25. Kf1 Nc3 26. Bb2 Nxb1 27. Rxb1
Rb6 28. Ke2 Rd6 29. Rc1 Re7 30. Rc3 Nh5 31. g3 g6 32. Ra3 f5 33. Rxa6 Rxa6 34.
Nxa6 Kf7 35. Nb8 Ke6 36. Nc6 Re8 37. Nxe5 fxe4 38. dxe4 Kd6 39. f4 g5 40. Kf3
Rf8 41. f5 Re8 42. Ng6 c5 43. e5+ Kd5 44. e6 c4 45. Kg4 c3 46. Bxc3 Rc8 47. e7
Rxc3 48. Kxh5 Rc8 49. Kxh6 Kd6 50. Kg7 Kd7 51. Kf7 Ra8 52. f6 Rb8 53. Ne5+ Kd6
54. e8=Q Rxe8 55. Kxe8 Kxe5 56. f7 1-0

[Event "DM 2023 G7 Grp 1"]
[Site "Svendborg"]
[Date "2023.04.04"]
[Round "1"]
[White "Christensen, Adam Stanczyk"]
[Black "Larsen, Ulrik"]
[Result "1-0"]
[WhiteElo "1882"]
[BlackElo "2028"]
[PlyCount "65"]
[EventDate "2023.04.04"]
[EventType "swiss"]
[EventRounds "7"]
[EventCountry "DEN"]
[SourceTitle "Live v. Kasper Jerwiarz"]

1. e4 e5 2. Nc3 Nf6 3. f4 d5 4. fxe5 Nxe4 5. Qf3 Nxc3 6. dxc3 Be7 7. Bf4 Be6 8.
Ne2 Nd7 9. Nd4 O-O 10. Bd3 Nc5 11. Bf5 Bxf5 12. Nxf5 Ne6 13. Qg3 Bg5 14. Bxg5
Qxg5 15. Qxg5 Nxg5 16. Ne7+ Kh8 17. Nxd5 Rfe8 18. O-O-O Rxe5 19. Nxc7 Rc8 20.
Rhe1 Ne4 21. Rd5 Rxd5 22. Nxd5 Re8 23. Nc7 Re5 24. c4 f6 25. Nb5 a6 26. Nd4 Kg8
27. Nf3 Re7 28. Nd2 f5 29. Nxe4 fxe4 30. Kd2 Kf7 31. Ke3 Rd7 32. Rf1+ Ke6 33.
Rf4 1-0

[Event "DM 2023 G7 Grp 1"]
[Site "Svendborg"]
[Date "2023.04.05"]
[Round "2"]
[White "Haarh, Simon Bjork"]
[Black "Rossen, Claus"]
[Result "1/2-1/2"]
[WhiteElo "1945"]
[BlackElo "2097"]
[PlyCount "123"]
[EventDate "2023.04.04"]
[EventType "swiss"]
[EventRounds "7"]
[EventCountry "DEN"]
[SourceTitle "Live v. Kasper Jerwiarz"]

1. e4 d6 2. d4 Nf6 3. Nc3 g6 4. f4 Bg7 5. Nf3 O-O 6. Bd3 Na6 7. h3 c5 8. Be3
cxd4 9. Nxd4 Nc5 10. Qf3 Nxd3+ 11. cxd3 e5 12. Nde2 b6 13. O-O Bb7 14. fxe5 Nd7
15. exd6 Ne5 16. Qg3 Qxd6 17. Bf4 Qe6 18. d4 Nc4 19. d5 Qd7 20. b3 Na5 21. Bd6
Rfe8 22. e5 Ba6 23. Rf2 Nb7 24. Bb4 Bxe5 25. Qf3 Nc5 26. Rd1 Rac8 27. Ng3 f5
28. Rfd2 Bb7 29. Nge2 a5 30. Bxc5 Rxc5 31. Na4 Rb5 32. a3 Qd6 33. Qd3 Rxd5 34.
Qc4 b5 35. Rxd5 bxc4 36. Rxd6 Bxd6 37. Rxd6 Rxe2 38. Rd8+ Kf7 39. Rd7+ Re7 40.
Rxe7+ Kxe7 41. bxc4 Kd6 42. Kf2 Ba6 43. Ke3 Bxc4 44. g3 g5 45. h4 h6 46. hxg5
hxg5 47. Kd4 Bb5 48. Nc5 Bc6 49. Nd3 f4 50. gxf4 g4 51. f5 g3 52. Ke3 Be4 53.
Nf4 Bxf5 54. Kf3 Kc5 55. Kxg3 Kb5 56. Nd5 Ka4 57. Nb6+ Kb3 58. Kf4 Be6 59. Ke5
Bg8 60. Kd4 Kxa3 61. Kc5 a4 62. Nxa4 1/2-1/2

[Event "DM 2023 G7 Grp 1"]
[Site "Svendborg"]
[Date "2023.04.05"]
[Round "2"]
[White "Jensen, Morten Frank"]
[Black "Jalving, August"]
[Result "0-1"]
[WhiteElo "2048"]
[BlackElo "1962"]
[PlyCount "62"]
[EventDate "2023.04.04"]
[EventType "swiss"]
[EventRounds "7"]
[EventCountry "DEN"]
[SourceTitle "Live v. Kasper Jerwiarz"]

1. d4 Nf6 2. Nf3 d5 3. g3 g6 4. Bg2 Bg7 5. O-O O-O 6. c4 c6 7. Nc3 dxc4 8. Ne5
Be6 9. a4 Nbd7 10. Qc2 Nxe5 11. dxe5 Ng4 12. Ne4 Nxe5 13. Nc5 Bf5 14. e4 Bg4
15. Ra3 b6 16. f4 bxc5 17. fxe5 Bxe5 18. Qxc4 Qd4+ 19. Qxd4 cxd4 20. b4 Bd6 21.
Bd2 Rab8 22. e5 Bxb4 23. Bxb4 Rxb4 24. Bxc6 d3 25. Ra2 Rc8 26. Bb5 Rc2 27. Rf2
Be2 28. Ra1 Rxb5 29. Rxe2 Rxe2 30. axb5 d2 31. Kf1 Rxh2 0-1

[Event "DM 2023 G7 Grp 1"]
[Site "Svendborg"]
[Date "2023.04.05"]
[Round "2"]
[White "Leonhardsen, Vebjorn Maanum"]
[Black "Jensen, Thore Nyboe"]
[Result "0-1"]
[WhiteElo "1885"]
[BlackElo "2018"]
[PlyCount "108"]
[EventDate "2023.04.04"]
[EventType "swiss"]
[EventRounds "7"]
[EventCountry "DEN"]
[SourceTitle "Live v. Kasper Jerwiarz"]

1. Nf3 d5 2. d4 Nf6 3. c4 e6 4. g3 Be7 5. Bg2 O-O 6. O-O Nbd7 7. Nbd2 b6 8. b3
Bb7 9. Bb2 c5 10. Rc1 Rc8 11. Re1 dxc4 12. Nxc4 b5 13. Ne3 Qb6 14. dxc5 Bxc5
15. Bd4 Rfd8 16. b4 Bxd4 17. Qxd4 Bxf3 18. Qxb6 Nxb6 19. Bxf3 Nc4 20. Nxc4 Rxc4
21. Rxc4 bxc4 22. Rc1 Rc8 23. Rc3 Nd5 24. Bxd5 exd5 25. e3 f5 26. Kf1 Rb8 27.
Ra3 Rb7 28. Ke1 Kf7 29. Kd2 Ke6 30. Kc3 Ke5 31. f3 g5 32. Ra6 g4 33. f4+ Ke4
34. Re6+ Kf3 35. a4 h5 36. Re5 Kg2 37. Rxf5 Rh7 38. Rxd5 Kxh2 39. f5 Kxg3 40.
e4 Kf4 41. f6 Kxe4 42. f7 Rxf7 43. Rxh5 g3 44. Rh1 g2 45. Rg1 Kf3 46. Kxc4 Kf2
47. Rb1 Kg3 48. Rg1 Rf1 49. Rxg2+ Kxg2 50. b5 Rf4+ 51. Kb3 Kf3 52. a5 Ke4 53.
Kc4 Rf5 54. b6 a6 0-1

[Event "DM 2023 G7 Grp 1"]
[Site "Svendborg"]
[Date "2023.04.05"]
[Round "2"]
[White "Ringsmose, Christian"]
[Black "Loveid, Erik"]
[Result "1/2-1/2"]
[WhiteElo "1778"]
[BlackElo "2023"]
[PlyCount "49"]
[EventDate "2023.04.04"]
[EventType "swiss"]
[EventRounds "7"]
[EventCountry "DEN"]
[SourceTitle "Live v. Kasper Jerwiarz"]

1. e4 c6 2. d4 d5 3. exd5 cxd5 4. Bd3 Nc6 5. c3 Nf6 6. Bf4 g6 7. h3 Bg7 8. Nf3
O-O 9. O-O Bf5 10. Bxf5 gxf5 11. Nbd2 Ne4 12. Ne1 f6 13. Nxe4 fxe4 14. Qh5 e5
15. dxe5 fxe5 16. Bh6 Qf6 17. Bxg7 Qxg7 18. Nc2 Rad8 19. Rae1 Rf6 20. Re3 Rg6
21. Rg3 d4 22. Re1 d3 23. Ne3 Rxg3 24. fxg3 Qxg3 25. Qg4+ 1/2-1/2

[Event "DM 2023 G7 Grp 1"]
[Site "Svendborg"]
[Date "2023.04.05"]
[Round "2"]
[White "Steenstrup, Svend"]
[Black "Ostergreen Johansen, Benjamin"]
[Result "0-1"]
[WhiteElo "1943"]
[BlackElo "1962"]
[PlyCount "52"]
[EventDate "2023.04.04"]
[EventType "swiss"]
[EventRounds "7"]
[EventCountry "DEN"]
[SourceTitle "Live v. Kasper Jerwiarz"]

1. d4 d5 2. e4 dxe4 3. Nc3 Nf6 4. f3 exf3 5. Nxf3 g6 6. Bc4 Bg7 7. Bg5 h6 8.
Be3 O-O 9. Qd2 Kh7 10. Ne5 e6 11. O-O-O Nbd7 12. Qf2 Qe7 13. h3 Nxe5 14. dxe5
Nd7 15. Ne4 Bxe5 16. Rxd7 Bxd7 17. Bc5 Bd6 18. Nf6+ Kg7 19. Bd4 e5 20. Nd5 Qd8
21. Re1 exd4 22. Qxd4+ f6 23. Nf4 Re8 24. Rd1 Bxf4+ 25. Qxf4 Qe7 26. Qxc7 Bf5
0-1

[Event "DM 2023 G7 Grp 1"]
[Site "Svendborg"]
[Date "2023.04.05"]
[Round "2"]
[White "Hollesen, Kurt"]
[Black "Christensen, Adam Stanczyk"]
[Result "1-0"]
[WhiteElo "1968"]
[BlackElo "1882"]
[PlyCount "61"]
[EventDate "2023.04.04"]
[EventType "swiss"]
[EventRounds "7"]
[EventCountry "DEN"]
[SourceTitle "Live v. Kasper Jerwiarz"]

1. c4 e5 2. Nc3 Nf6 3. e4 Bc5 4. g3 d6 5. h3 Nc6 6. Bg2 Nd4 7. Nge2 Ne6 8. d3
c6 9. O-O h5 10. Na4 h4 11. Nxc5 Nxc5 12. g4 Ne6 13. f4 Qb6+ 14. Kh1 Nd4 15.
Nxd4 Qxd4 16. Qe2 Qb6 17. Be3 c5 18. fxe5 dxe5 19. Qf2 Qd6 20. Bxc5 Qc7 21. d4
b6 22. dxe5 Nxg4 23. hxg4 bxc5 24. Qf4 Be6 25. b3 O-O-O 26. Rad1 Rxd1 27. Rxd1
f6 28. Rd6 fxe5 29. Qxe5 Bxg4 30. Qd5 Kb8 31. e5 1-0

[Event "DM 2023 G7 Grp 1"]
[Site "Svendborg"]
[Date "2023.04.05"]
[Round "2"]
[White "Gregor, Bjarke"]
[Black "Husted, Peter"]
[Result "1-0"]
[WhiteElo "2095"]
[BlackElo "2086"]
[PlyCount "57"]
[EventDate "2023.04.04"]
[EventType "swiss"]
[EventRounds "7"]
[EventCountry "DEN"]
[SourceTitle "Live v. Kasper Jerwiarz"]

1. e4 c6 2. d4 d5 3. Nd2 dxe4 4. Nxe4 Nf6 5. Nxf6+ exf6 6. c3 Bd6 7. Bd3 O-O 8.
Qc2 Re8+ 9. Ne2 h5 10. Bd2 Nd7 11. O-O-O Nf8 12. Kb1 Be6 13. f4 f5 14. c4 Ng6
15. g3 Ne7 16. Bc3 Qb8 17. h3 b5 18. d5 cxd5 19. cxb5 Rc8 20. Qa4 Bc5 21. g4 h4
22. Nd4 g6 23. gxf5 Nxf5 24. Bxf5 gxf5 25. Rhg1+ Kh7 26. Nc6 Qb7 27. Rg7+ Kh6
28. Qc2 d4 29. Qg2 1-0

[Event "DM 2023 G7 Grp 1"]
[Site "Svendborg"]
[Date "2023.04.06"]
[Round "3"]
[White "Jensen, Thore Nyboe"]
[Black "Jalving, August"]
[Result "1/2-1/2"]
[WhiteElo "2018"]
[BlackElo "1962"]
[PlyCount "70"]
[EventDate "2023.04.04"]
[EventType "swiss"]
[EventRounds "7"]
[EventCountry "DEN"]
[SourceTitle "Live v. Kasper Jerwiarz"]

1. c4 e5 2. Nc3 Bb4 3. g3 Ne7 4. Bg2 Bxc3 5. dxc3 O-O 6. Nf3 d6 7. O-O Nbc6 8.
Qc2 h6 9. Rd1 Ng6 10. c5 Qe7 11. cxd6 cxd6 12. b3 Rd8 13. Ba3 Qc7 14. Nd2 Nd4
15. Qd3 Qxc3 16. Nc4 Qxd3 17. Rxd3 d5 18. Ne3 Nxe2+ 19. Kf1 Nd4 20. Bb2 Nc6 21.
Nxd5 Bf5 22. Rd2 Rd7 23. h3 Rad8 24. Bc3 f6 25. Rad1 Be6 26. Ke1 Kf7 27. Nb4
Nd4 28. Bxd4 exd4 29. Nc2 d3 30. Ne3 h5 31. h4 Bg4 32. f3 Be6 33. f4 Bg4 34.
Nxg4 hxg4 35. Bf1 f5 1/2-1/2

[Event "DM 2023 G7 Grp 1"]
[Site "Svendborg"]
[Date "2023.04.06"]
[Round "3"]
[White "Ostergreen Johansen, Benjamin"]
[Black "Haarh, Simon Bjork"]
[Result "1/2-1/2"]
[WhiteElo "1962"]
[BlackElo "1945"]
[PlyCount "62"]
[EventDate "2023.04.04"]
[EventType "swiss"]
[EventRounds "7"]
[EventCountry "DEN"]
[SourceTitle "Live v. Kasper Jerwiarz"]

1. e4 c5 2. Nf3 d6 3. d4 cxd4 4. Nxd4 Nf6 5. Nc3 a6 6. Be3 e5 7. Nf3 Be7 8. Bc4
O-O 9. O-O Bg4 10. Re1 Nbd7 11. Bg5 Rc8 12. Bb3 b5 13. Qe2 b4 14. Bxf6 Nxf6 15.
Nd5 Nxd5 16. Bxd5 Qb6 17. Bb3 a5 18. Qd3 Kh8 19. Nd2 f5 20. Nc4 Qc5 21. Ne3
fxe4 22. Qxe4 Bh5 23. Qd5 Qa7 24. a3 Bf7 25. Qd3 bxa3 26. Rxa3 d5 27. Raa1 Bc5
28. Bxd5 Bxe3 29. fxe3 Bg6 30. Qd2 Rxc2 31. Qxa5 Qxa5 1/2-1/2

[Event "DM 2023 G7 Grp 1"]
[Site "Svendborg"]
[Date "2023.04.06"]
[Round "3"]
[White "Rossen, Claus"]
[Black "Ringsmose, Christian"]
[Result "1-0"]
[WhiteElo "2097"]
[BlackElo "1778"]
[PlyCount "61"]
[EventDate "2023.04.04"]
[EventType "swiss"]
[EventRounds "7"]
[EventCountry "DEN"]
[SourceTitle "Live v. Kasper Jerwiarz"]

1. e4 c5 2. Nf3 Nc6 3. d4 cxd4 4. Nxd4 Nf6 5. Nc3 e5 6. Ndb5 d6 7. Nd5 Nxd5 8.
exd5 Nb8 9. a4 Be7 10. Be3 a6 11. Na3 O-O 12. Nc4 Nd7 13. a5 f5 14. f3 Bh4+ 15.
g3 Be7 16. Qd2 f4 17. gxf4 Bh4+ 18. Kd1 exf4 19. Bd4 Re8 20. Bd3 Ne5 21. Bxe5
dxe5 22. Nb6 e4 23. Bxe4 Rxe4 24. fxe4 Bg4+ 25. Kc1 f3 26. Kb1 Qe8 27. Qf4 Qb5
28. Nxa8 f2 29. c4 Qb4 30. Qxg4 Qe1+ 31. Kc2 1-0

[Event "DM 2023 G7 Grp 1"]
[Site "Svendborg"]
[Date "2023.04.06"]
[Round "3"]
[White "Loveid, Erik"]
[Black "Hollesen, Kurt"]
[Result "1-0"]
[WhiteElo "2023"]
[BlackElo "1968"]
[PlyCount "59"]
[EventDate "2023.04.04"]
[EventType "swiss"]
[EventRounds "7"]
[EventCountry "DEN"]
[SourceTitle "Live v. Kasper Jerwiarz"]

1. d4 d5 2. c4 e6 3. Nf3 c6 4. e3 f5 5. Nc3 Nf6 6. Bd3 Bd6 7. b3 Ne4 8. Bb2 Nd7
9. Qc1 Qf6 10. O-O O-O 11. Ne2 Kh8 12. Ba3 Qe7 13. Bxd6 Qxd6 14. h4 Qe7 15. Nf4
Rg8 16. Bxe4 fxe4 17. Ng5 Nf8 18. Qa3 Qf6 19. Nh5 Qg6 20. Qe7 h6 21. Nf7+ Kh7
22. Nf4 Qf6 23. Qc7 Ng6 24. Nxg6 Kxg6 25. Ne5+ Kh7 26. g3 Qd8 27. Qf7 Qe8 28.
Qf4 Bd7 29. Qg4 Qe7 30. Qg6+ 1-0

[Event "DM 2023 G7 Grp 1"]
[Site "Svendborg"]
[Date "2023.04.06"]
[Round "3"]
[White "Christensen, John Christopher H"]
[Black "Gregor, Bjarke"]
[Result "0-1"]
[WhiteElo "1924"]
[BlackElo "2095"]
[PlyCount "54"]
[EventDate "2023.04.04"]
[EventType "swiss"]
[EventRounds "7"]
[EventCountry "DEN"]
[SourceTitle "Live v. Kasper Jerwiarz"]

1. e4 c6 2. d4 d5 3. Nd2 dxe4 4. Nxe4 Nf6 5. Nxf6+ exf6 6. Nf3 Bd6 7. Be2 O-O
8. O-O Re8 9. Re1 Bg4 10. c3 Nd7 11. h3 Bh5 12. Kf1 Nf8 13. Nd2 Bg6 14. Nc4 Bc7
15. Qb3 b5 16. Ne3 Qd6 17. g3 Qd7 18. Kg2 Be4+ 19. f3 Qd6 20. Nf1 Bd5 21. Qc2
Ng6 22. Kf2 Qe6 23. h4 Qh3 24. Be3 Bxg3+ 25. Nxg3 Qh2+ 26. Kf1 Rxe3 27. Nf5
Rxf3+ 0-1

[Event "DM 2023 G7 Grp 1"]
[Site "Svendborg"]
[Date "2023.04.06"]
[Round "3"]
[White "Madsen, Michael Baehring"]
[Black "Leonhardsen, Vebjorn Maanum"]
[Result "1/2-1/2"]
[WhiteElo "2045"]
[BlackElo "1885"]
[PlyCount "57"]
[EventDate "2023.04.04"]
[EventType "swiss"]
[EventRounds "7"]
[EventCountry "DEN"]
[SourceTitle "Live v. Kasper Jerwiarz"]

1. e4 c6 2. d3 d5 3. Nf3 Bg4 4. h3 Bxf3 5. Qxf3 e6 6. g3 Nf6 7. Bg2 Bb4+ 8. c3
Be7 9. O-O O-O 10. Qe2 Na6 11. b4 Nc7 12. e5 Nd7 13. Bb2 a5 14. a3 axb4 15.
cxb4 c5 16. bxc5 Nxc5 17. Ra2 Na4 18. Ba1 Na6 19. Nd2 Rc8 20. Rb1 Qd7 21. d4
Nc3 22. Bxc3 Rxc3 23. Qb5 Qxb5 24. Rxb5 Rxa3 25. Rxa3 Bxa3 26. Rxb7 Ra8 27. Bf1
Bf8 28. Nb3 Nb4 29. Bb5 1/2-1/2

[Event "DM 2023 G7 Grp 1"]
[Site "Svendborg"]
[Date "2023.04.06"]
[Round "3"]
[White "Christensen, Adam Stanczyk"]
[Black "Jensen, Morten Frank"]
[Result "0-1"]
[WhiteElo "1882"]
[BlackElo "2048"]
[PlyCount "56"]
[EventDate "2023.04.04"]
[EventType "swiss"]
[EventRounds "7"]
[EventCountry "DEN"]
[SourceTitle "Live v. Kasper Jerwiarz"]

1. e4 c6 2. d4 d5 3. f3 Qb6 4. Nc3 dxe4 5. fxe4 e5 6. Nf3 exd4 7. Nxd4 h5 8.
Nf3 Bg4 9. h3 Bxf3 10. Qxf3 Nd7 11. Bd2 Ngf6 12. O-O-O Bd6 13. Bf4 Be5 14. Bxe5
Nxe5 15. Qf5 Nfd7 16. Be2 g6 17. Qg5 f6 18. Qf4 O-O-O 19. Rd6 Qc7 20. Rhd1 Nf7
21. Rxf6 Nxf6 22. Qxf6 Ne5 23. Qe6+ Kb8 24. Rf1 Rd6 25. Qb3 Rhd8 26. Bf3 Qa5
27. Qa4 Qc5 28. Nd1 Nxf3 0-1

[Event "DM 2023 G7 Grp 1"]
[Site "Svendborg"]
[Date "2023.04.06"]
[Round "3"]
[White "Rasmussen, Johnny Koust"]
[Black "Larsen, Ulrik"]
[Result "1/2-1/2"]
[WhiteElo "1824"]
[BlackElo "2028"]
[PlyCount "96"]
[EventDate "2023.04.04"]
[EventType "swiss"]
[EventRounds "7"]
[EventCountry "DEN"]
[SourceTitle "Live v. Kasper Jerwiarz"]

1. e4 e5 2. Nf3 Nc6 3. Bc4 Nf6 4. d3 Be7 5. O-O O-O 6. Re1 d6 7. c3 Bg4 8. h3
Be6 9. Nbd2 Bxc4 10. Nxc4 Re8 11. b4 Bf8 12. Bg5 h6 13. Bh4 g5 14. Bg3 Bg7 15.
b5 Ne7 16. Qc2 Nh5 17. Bh2 Nf4 18. Bxf4 exf4 19. e5 d5 20. Ncd2 Ng6 21. d4 Re6
22. c4 dxc4 23. Qxc4 Ne7 24. Ne4 b6 25. Nexg5 hxg5 26. Nxg5 Nd5 27. Nxe6 fxe6
28. a4 Qe7 29. Rec1 f3 30. g3 Bh6 31. Rd1 Rf8 32. Rd3 Nf4 33. Rxf3 Nxh3+ 34.
Kg2 Rxf3 35. Kxf3 Ng5+ 36. Kg2 Qh7 37. Qe2 Qf5 38. Rh1 Kg7 39. Rh5 Qe4+ 40.
Qxe4 Nxe4 41. Rh1 Nc3 42. Ra1 Bd2 43. Kf3 Kg6 44. Kg4 Nd5 45. Rd1 Bc3 46. Rd3
Bb2 47. Rd2 Bc3 48. Rd3 Bb2 1/2-1/2

[Event "DM 2023 G7 Grp 1"]
[Site "Svendborg"]
[Date "2023.04.06"]
[Round "3"]
[White "Perets, Dmitry"]
[Black "Steenstrup, Svend"]
[Result "1-0"]
[WhiteElo "1968"]
[BlackElo "1943"]
[PlyCount "39"]
[EventDate "2023.04.04"]
[EventType "swiss"]
[EventRounds "7"]
[EventCountry "DEN"]
[SourceTitle "Live v. Kasper Jerwiarz"]

1. Nf3 d5 2. c4 e6 3. b3 Nf6 4. Bb2 Be7 5. g4 Nxg4 6. Rg1 h5 7. h3 Nxf2 8. Kxf2
Bh4+ 9. Kg2 e5 10. Bxe5 Nc6 11. Bh2 Bxh3+ 12. Kxh3 Bf2 13. Rg5 Qf6 14. Nc3 Bd4
15. cxd5 O-O-O 16. dxc6 Bxc3 17. cxb7+ Kb8 18. Bxc7+ Kxb7 19. Bxd8 Rxd8 20.
dxc3 1-0

[Event "DM 2023 G7 Grp 1"]
[Site "Svendborg"]
[Date "2023.04.06"]
[Round "3"]
[White "Husted, Peter"]
[Black "Nielsen, Thomas (1975)"]
[Result "1-0"]
[WhiteElo "2086"]
[BlackElo "1973"]
[PlyCount "65"]
[EventDate "2023.04.04"]
[EventType "swiss"]
[EventRounds "7"]
[EventCountry "DEN"]
[SourceTitle "Live v. Kasper Jerwiarz"]

1. e4 c6 2. d4 d5 3. Nc3 dxe4 4. Nxe4 Nf6 5. Nxf6+ exf6 6. c3 Bd6 7. Bd3 O-O 8.
Qc2 Re8+ 9. Ne2 g6 10. Be3 Nd7 11. O-O-O Qa5 12. Kb1 Nf8 13. c4 Be6 14. Bd2 Qc7
15. h3 b6 16. g4 Bd7 17. f4 c5 18. d5 a6 19. Bc3 Qd8 20. b3 h6 21. Qb2 Nh7 22.
f5 g5 23. h4 Be5 24. hxg5 hxg5 25. Rh3 Qc7 26. Rdh1 Nf8 27. Ng3 Bxc3 28. Qxc3
Qe5 29. Qc2 Qd4 30. Be4 Re5 31. Qh2 Rxe4 32. Rh8+ Kg7 33. Qh6# 1-0